Análisis y diseño detallado de aplicaciones informáticas de gestión
Uloženo v:
| Hlavní autoři: | , , , |
|---|---|
| Médium: | Kniha |
| Jazyk: | španělština |
| Vydáno: |
Ciudad de México
Alfaomega
2000
|
| Témata: | |
| Tagy: |
Přidat tag
Žádné tagy, Buďte první, kdo vytvoří štítek k tomuto záznamu!
|
MARC
| LEADER | 00000nam a2200000 a 4500 | ||
|---|---|---|---|
| 001 | UCI4038 | ||
| 003 | CL-VaPUC | ||
| 008 | 071214e20000000MX |||||||||||||||||spa|d | ||
| 020 | |a 970150335X | ||
| 082 | 0 | 4 | |a 658.05 |b PIA |2 21 |
| 100 | 0 | |a Piattini Velthuis, Mario Gerardo |e author |9 525663 | |
| 700 | 0 | |a Calvo Manzano Villalón, José Antonio |e author |9 525664 | |
| 700 | 0 | |a Cervera Bravo, Joaquín |e author |9 525665 | |
| 700 | 0 | |a Fernández Sanz, Luis |e author |9 525666 | |
| 245 | 1 | 0 | |a Análisis y diseño detallado de aplicaciones informáticas de gestión |
| 300 | |a 699 p | ||
| 942 | |c BK | ||
| 945 | |d 20071214 00:00:00 |a jtorresc | ||
| 260 | |a Ciudad de México |b Alfaomega |c 2000 | ||
| 500 | |a Incluye un Disquete con las soluciones a los ejercicios del libro | ||
| 650 | 0 | |a Administración de empresas |9 260833 | |
| 650 | 0 | |a Análisis de sistemas |9 260059 | |
| 650 | 0 | |a Bases de datos |9 260577 | |
| 650 | 0 | |a Control de calidad |9 259714 | |
| 650 | 7 | |a GESTION DE BASES DE DATOS |2 CL-VaPUC |9 451398 | |
| 650 | 0 | |a Ingeniería de software |9 263866 | |
| 650 | 0 | |a Programación de computadores |9 259531 | |
| 650 | 0 | |a Software |9 387312 | |
| 583 | |a last modification |c 20071214 00:00:00 |k Rodrigo Vera | ||
| 999 | |c 328038 |d 328036 | ||
| 952 | |0 0 |1 0 |4 0 |6 658_050000000000000_PIA_2000 |7 0 |8 A |9 411708 |a BIBING |b BIBING |d 2019-11-22 |i 439545K |o 658.05 PIA 2000 |p 439545K |r 2025-01-20 |w 2019-11-22 |y BK |k CCI | ||
| 952 | |0 0 |1 0 |4 0 |6 658_050000000000000_PIA_2000 |7 0 |8 A |9 411709 |a BIBING |b BIBING |d 2019-11-22 |i 4395468 |o 658.05 PIA 2000 |p 4395468 |r 2025-01-20 |w 2019-11-22 |y BK |k CCI | ||